000 00505nam a2200193Ia 4500
005 20260429111844.0
008 260429s9999||||xx |||||||||||||| ||und||
020 _a9788198144010
041 _aEnglish
082 _a511.5
_bYAD
100 _aYadav, Santosh Kumar
245 0 _aIntroduction to graph theory /
_cSantosh Kumar Yadav
250 _a1st ed.
260 _aNew Delhi :
_bAne Books,
_c2025.
300 _axii, 234 p.; hb
650 _a Graph theory
650 _aMathematics
942 _cTB
999 _c51157
_d51157